[Event "NOR-chT Club"]
[Site "Drammen"]
[Date "2019.05.31"]
[Round "2.12"]
[White "Utseth, Mikhail"]
[Black "Fjellheim, Benjamin"]
[Result "1-0"]
[WhiteElo "1605"]
[BlackElo "1760"]
[PlyCount "61"]
[EventDate "2019.05.30"]
[EventType "team-swiss"]
[EventRounds "6"]
[EventCountry "NOR"]
[SourceTitle "CBM 190 Extra"]
[Source "ChessBase"]
[SourceDate "2019.07.15"]
[SourceVersion "1"]
[SourceVersionDate "2019.07.15"]
[SourceQuality "1"]
[WhiteTeam "Asker"]
[BlackTeam "Groruddalen"]
[WhiteTeamCountry "NOR"]
[BlackTeamCountry "NOR"]

1. d4 d5 2. e3 Nf6 3. Bd3 c5 4. c3 e6 5. Nd2 Nc6 6. f4 Be7 7. Ngf3 0-0 8. Ne5 Nxe5 9. fxe5 Nd7 10. 0-0 f5 11. Qh5 Qe8 12. Qh3 g5 13. g4 Nb6 14. Nf3 Qg6 15. Qg2 c4 16. Bc2 Bd7 17. b3 Rac8 18. Bd2 Kh8 19. Rf2 Rf7 20. Raf1 h5 21. gxf5 exf5 22. e6 Bxe6 23. Ne5 Qg7 24. Nxf7+ Qxf7 25. Bxf5 Bxf5 26. Rxf5 Qe6 27. Re5 Qd6 28. Qh3 h4 29. Re6 Qd7 30. Rf7 Re8 31. Qf5 1-0

[Event "Stjernen CC-ch A"]
[Site "Oslo"]
[Date "2017.04.04"]
[Round "7"]
[White "Wasshaug, Espen"]
[Black "Fjellheim, Benjamin"]
[Result "1-0"]
[WhiteElo "1883"]
[BlackElo "1714"]
[PlyCount "95"]
[EventDate "2017.02.07"]
[EventType "swiss"]
[EventRounds "9"]
[EventCountry "NOR"]
[SourceTitle "EXT 2024"]
[Source "ChessBase"]
[SourceDate "2023.10.10"]
[SourceVersion "1"]
[SourceVersionDate "2023.10.10"]
[SourceQuality "1"]

1. d4 d5 2. c4 dxc4 3. Nf3 a6 4. e3 Nf6 5. Bxc4 b5 6. Bb3 e6 7. 0-0 Bb7 8. Nc3 Nbd7 9. Qe2 c5 10. Rd1 cxd4 11. exd4 Be7 12. d5 exd5 13. Nxd5 Nxd5 14. Bxd5 Bxd5 15. Rxd5 Qc7 16. Bg5 f6 17. Re1 Nb6 18. Bf4 Qb7 19. Rc5 Ra7 20. Rc7 Qxc7 21. Bxc7 Rxc7 22. Nd4 Nc4 23. Qe6 Ne5 24. Qxa6 Kf7 25. Qe6+ Kg6 26. Rxe5 Rd8 27. Qg4+ Kf7 28. Re1 Bb4 29. Qh5+ Kg8 30. Re8+ Bf8 31. Nc6 g6 32. Qe2 Rd6 33. g3 Rdxc6 34. Qxb5 Kf7 35. Rb8 Rc1+ 36. Kg2 Re7 37. Qd5+ Kg7 38. Qd8 Rf7 39. b4 Rc2 40. a4 Kh6 41. Qxf8+ Rxf8 42. Rxf8 Rb2 43. b5 Rb4 44. Ra8 Kg5 45. Ra6 Kf5 46. b6 Ke5 47. Ra5+ Kd6 48. Rb5 1-0

[Event "Stjernen CC-ch A"]
[Site "Oslo"]
[Date "2017.02.28"]
[Round "3"]
[White "Eriksen, Jan Hugo"]
[Black "Fjellheim, Benjamin"]
[Result "1/2-1/2"]
[WhiteElo "1680"]
[BlackElo "1714"]
[PlyCount "92"]
[EventDate "2017.02.07"]
[EventType "swiss"]
[EventRounds "9"]
[EventCountry "NOR"]
[SourceTitle "EXT 2024"]
[Source "ChessBase"]
[SourceDate "2023.10.10"]
[SourceVersion "1"]
[SourceVersionDate "2023.10.10"]
[SourceQuality "1"]

1. d4 d5 2. c4 dxc4 3. Nc3 e5 4. dxe5 Qxd1+ 5. Nxd1 Nc6 6. a3 Nxe5 7. Nc3 Bd7 8. Bf4 Bd6 9. Bxe5 Bxe5 10. Nf3 Bf6 11. e3 b5 12. 0-0-0 Nh6 13. h3 Bc6 14. Nd5 Bxd5 15. Rxd5 c6 16. Rd6 Rc8 17. g4 Be7 18. Rd2 0-0 19. Rd7 Bc5 20. Bg2 Rfd8 21. Rhd1 Rxd7 22. Rxd7 Kf8 23. Ne5 f6 24. Nxc6 Nf7 25. Rd1 Rc7 26. Nb8 Ne5 27. Rd5 Nd3+ 28. Kd2 b4 29. Nd7+ Ke7 30. Nxc5 Nxc5 31. axb4 Nd3 32. f4 Nxb4 33. Rb5 Nd3 34. Kc3 Nc5 35. Bd5 Nd7 36. e4 Nb6 37. h4 h6 38. Rb4 Nxd5+ 39. exd5 Kd6 40. Kd4 Rc5 41. Rxc4 Rxd5+ 42. Ke3 Rb5 43. b4 g6 44. Ke4 a5 45. bxa5 Rxa5 46. Rd4+ Ke6 1/2-1/2

[Event "Stjernen CC-ch A"]
[Site "Oslo"]
[Date "2017.02.14"]
[Round "2"]
[White "Fjellheim, Benjamin"]
[Black "Ryen, Thomas Ager"]
[Result "0-1"]
[WhiteElo "1714"]
[BlackElo "1647"]
[PlyCount "106"]
[EventDate "2017.02.07"]
[EventType "swiss"]
[EventRounds "9"]
[EventCountry "NOR"]
[SourceTitle "EXT 2024"]
[Source "ChessBase"]
[SourceDate "2023.10.10"]
[SourceVersion "1"]
[SourceVersionDate "2023.10.10"]
[SourceQuality "1"]

1. d4 d5 2. Bf4 c6 3. Nf3 e6 4. e3 f5 5. c4 Nf6 6. h3 Bb4+ 7. Nc3 Ne4 8. Qb3 Bxc3+ 9. bxc3 0-0 10. Bd3 Nd7 11. cxd5 exd5 12. 0-0 Ndf6 13. Rfc1 h6 14. c4 dxc4 15. Bxc4+ Kh7 16. Rd1 g5 17. Bh2 g4 18. Ne5 gxh3 19. gxh3 Nh5 20. Nf3 Qe8 21. Qb2 b5 22. Bb3 a5 23. a3 f4 24. Ne5 Bxh3 25. Qc2 Bf5 26. Qxc6 Qxc6 27. Nxc6 Bh3 28. Bd5 Nc3 29. Bb3 Nxd1 30. Rxd1 Rg8+ 31. Bxg8+ Rxg8+ 32. Bg3 fxg3 33. d5 gxf2+ 34. Kxf2 Rf8+ 35. Kg1 Nf6 36. Nxa5 Ra8 37. Nb7 Rxa3 38. Kf2 Ng4+ 39. Kg3 Rxe3+ 40. Kf4 Re8 41. Kg3 Re3+ 42. Kf4 Ra3 43. d6 Nf6 44. Nc5 Nd7 45. Nxd7 Bxd7 46. Re1 Bh3 47. Re7+ Kg6 48. Ke4 b4 49. d7 Bf5+ 50. Ke5 Re3+ 51. Kd6 Rd3+ 52. Kc6 Rxd7 53. Re1 Rd3 0-1

[Event "Oslo Stjernens op B"]
[Site "Oslo"]
[Date "2016.03.13"]
[Round "5"]
[White "Aavik, Jakob"]
[Black "Fjellheim, Benjamin"]
[Result "1-0"]
[WhiteElo "1775"]
[BlackElo "1696"]
[PlyCount "67"]
[EventDate "2016.03.11"]
[EventType "swiss"]
[EventRounds "5"]
[EventCountry "NOR"]
[SourceTitle "EXT 2023"]
[Source "ChessBase"]
[SourceDate "2022.10.05"]
[SourceVersion "1"]
[SourceVersionDate "2022.10.05"]
[SourceQuality "1"]

1. e4 e6 2. d4 d5 3. Nc3 Nf6 4. exd5 exd5 5. Be3 Bf5 6. Qd2 c6 7. 0-0-0 Bb4 8. Bd3 Ne4 9. Bxe4 Bxe4 10. f3 Bg6 11. h4 h6 12. Re1 0-0 13. g4 Nd7 14. h5 Bh7 15. Nge2 b5 16. g5 hxg5 17. Bxg5 Qa5 18. Kb1 Rfe8 19. Rhg1 Kh8 20. h6 gxh6 21. Bxh6 Rg8 22. Qf4 f6 23. Qh4 Rae8 24. Rxg8+ Rxg8 25. Rh1 Qd8 26. Nf4 Qe7 27. Nce2 Qf7 28. Ng3 Bd6 29. Ngh5 a5 30. Qh3 Nf8 31. Bxf8 Rxf8 32. Nxf6 Bxf4 33. Qxh7+ Qxh7 34. Rxh7# 1-0